[Event "6th EICC"]
[Site "Warsaw POL"]
[Date "2005.06.22"]
[Round "5"]
[White "Markowski,T"]
[Black "Navara,D"]
[Result "1/2-1/2"]
[WhiteElo "2560"]
[BlackElo "2647"]
[EventDate "2005.06.18"]

1. g3 e5 2. c4 Nf6 3. Bg2 d5 4. cxd5 Nxd5 5. Nf3 Nc6 6. O-O Nb6 7. Nc3 Be7
8. a4 a5 9. d3 O-O 10. Be3 Be6 11. Rc1 Nd5 12. Nxd5 Bxd5 13. Nd2 Bxg2 14.
Kxg2 Nd4 15. Bxd4 exd4 16. Qc2 Bb4 17. Ne4 c6 18. Qc4 Re8 19. f4 Qd5 20. f5
Rxe4 21. dxe4 Qxe4+ 22. Rf3 Bd2 23. Rd1 Be3 24. Rd3 Re8 25. b4 axb4 26.
Qxb4 h5 27. Qc4 Re5 28. Rb3 c5 29. Rb2 h4 30. h3 hxg3 31. a5 Bf2 32. Qc2
Qc6 33. Rb6 Qe8 34. Rb2 c4 35. Qxc4 Rxa5 36. Ra2 b5 37. Qd5 Rxa2 38. Qxa2
Qe4 39. Qa5 Qxe2 40. Qd8+ Kh7 41. Qh4+ Kg8 1/2-1/2

[Event "6th EICC"]
[Site "Warsaw POL"]
[Date "2005.06.22"]
[Round "5"]
[White "Areshchenko,A"]
[Black "Hulak,K"]
[Result "1-0"]
[WhiteElo "2595"]
[BlackElo "2534"]
[EventDate "2005.06.18"]

1. e4 c5 2. Nf3 d6 3. d4 cxd4 4. Nxd4 Nf6 5. Nc3 a6 6. Be2 e6 7. O-O Be7 8.
f4 Qc7 9. Be3 Nc6 10. Kh1 O-O 11. Qe1 Nxd4 12. Bxd4 b5 13. a3 Rb8 14. Bd3
Nd7 15. Qg3 Bf6 16. Bxf6 Nxf6 17. e5 dxe5 18. fxe5 Nd7 19. Ne4 f5 20. Nd6
Rb6 21. Rae1 Rc6 22. b3 Rc3 23. Re3 Nc5 24. Be2 Rxc2 25. Bd1 Rd2 26. Rc3 f4
27. Qf3 Bd7 28. Ne4 Rd5 29. b4 Qxe5 30. Rxc5 Be8 31. Rxd5 exd5 32. Nc5 Rf5
33. Bb3 Bf7 34. g4 1-0

[Event "6th EICC"]
[Site "Warsaw POL"]
[Date "2005.06.22"]
[Round "5"]
[White "Krasenkow,M"]
[Black "Mamedyarov,S"]
[Result "1-0"]
[WhiteElo "2672"]
[BlackElo "2646"]
[EventDate "2005.06.18"]

1. d4 e6 2. c4 b6 3. e4 Bb7 4. Nc3 g6 5. Be3 Bg7 6. h4 Nf6 7. f3 d6 8. Qd2
Qe7 9. Nge2 a6 10. g4 h5 11. g5 Nfd7 12. Ng3 c5 13. d5 exd5 14. cxd5 b5 15.
a3 Nb6 16. f4 N8d7 17. Be2 Kd8 18. e5 Nxe5 19. fxe5 Bxe5 20. Nge4 Re8 21.
Kf2 Qd7 22. Raf1 Nc4 23. Bxc4 bxc4 24. Qe2 Rb8 25. Kg1 Qe7 26. Rf3 Bc8 27.
Nf6 Bg4 28. Nxe8 Qxe8 29. Bc1 Bd4+ 30. Kg2 Qxe2+ 31. Nxe2 Bxf3+ 32. Kxf3
Bxb2 33. Bxb2 Rxb2 34. Rc1 Rd2 35. Nf4 Ra2 36. Rc3 Kd7 37. Ng2 Ra1 38. Ne3
Kc7 39. Rxc4 Rxa3 40. Rf4 c4 41. Rxf7+ Kb6 42. Rg7 Kc5 43. Rxg6 c3 44. Rg8
c2 45. Rc8+ Kd4 46. Rc4+ Kd3 47. Rxc2 Rc3 48. Rxc3+ 1-0

[Event "6th EICC"]
[Site "Warsaw POL"]
[Date "2005.06.22"]
[Round "5"]
[White "Kurnosov,I"]
[Black "Sargissian,G"]
[Result "0-1"]
[WhiteElo "2550"]
[BlackElo "2630"]
[EventDate "2005.06.18"]

1. e4 e5 2. Nf3 Nc6 3. Bc4 Bc5 4. b4 Bxb4 5. c3 Ba5 6. d4 d6 7. Qb3 Qd7 8.
dxe5 Bb6 9. Nbd2 Na5 10. Qc2 Nxc4 11. Nxc4 d5 12. exd5 Qxd5 13. Qa4+ Bd7
14. Nxb6 cxb6 15. Qb4 Bb5 16. Bg5 h6 17. Nd4 Bd7 18. Be3 Ne7 19. O-O Qc5
20. Qb3 Qxe5 21. Rae1 Qf6 22. Nb5 O-O 23. Bd4 Qg5 24. f4 Qxb5 25. Rxe7 Qxb3
26. axb3 Bc6 27. Rfe1 f6 28. Kf2 b5 29. b4 Rf7 30. R7e6 a5 31. bxa5 Rxa5
32. Bc5 Rd7 33. Bb4 Ra2+ 34. R6e2 Rdd2 35. Rxd2 Rxd2+ 36. Re2 Rd8 37. Re7
h5 38. Re2 Kh7 39. Ke1 Kg6 40. g3 Kf5 41. Re7 g6 42. Re2 h4 43. gxh4 Rh8
44. Rf2 Rxh4 45. Bc5 Bd5 46. Bd4 Rh8 47. Re2 Bc4 48. Rd2 Rh3 49. Rg2 Rh4
50. Be3 Rh8 51. Rd2 Ra8 52. Rd6 Ra6 53. Rb6 Ke4 54. Bd4 f5 55. Rxb7 Kxf4
56. h4 Kg4 57. Rh7 f4 58. Rh8 Ra1+ 59. Kd2 Ra2+ 60. Ke1 f3 61. Rf8 Re2+ 62.
Kd1 Bb3+ 63. Kc1 Be6 64. Kd1 Bf5 65. Rb8 Rb2 66. Ke1 Kg3 67. h5 gxh5 68.
Rg8+ Bg4 69. Rf8 Kg2 70. Rf4 Re2+ 71. Kd1 f2 0-1

[Event "6th EICC"]
[Site "Warsaw POL"]
[Date "2005.06.22"]
[Round "5"]
[White "Wojtaszek,R"]
[Black "Fressinet,L"]
[Result "1/2-1/2"]
[WhiteElo "2569"]
[BlackElo "2638"]
[EventDate "2005.06.18"]

1. Nf3 g6 2. c4 Bg7 3. Nc3 Nf6 4. g3 c5 5. d4 cxd4 6. Nxd4 O-O 7. Bg2 Qc7
8. Nd5 Qxc4 9. Nxe7+ Kh8 10. Nxc8 Rxc8 11. O-O Nc6 12. Nc2 Re8 13. Ne3 Qe6
14. Nd5 Nxd5 15. Bxd5 Qxe2 16. Bxf7 Re7 17. Qxe2 Rxe2 18. Rb1 Rf8 19. Bc4
Rexf2 20. Rxf2 Bd4 21. Bf4 g5 22. Kg2 Bxf2 23. Bxg5 Bd4 24. Rd1 Bxb2 25.
Rxd7 Ne5 1/2-1/2

[Event "6th EICC"]
[Site "Warsaw POL"]
[Date "2005.06.22"]
[Round "5"]
[White "Jaracz,P"]
[Black "Fedorov,Alex"]
[Result "1/2-1/2"]
[WhiteElo "2530"]
[BlackElo "2602"]
[EventDate "2005.06.18"]

1. e4 c5 2. Nf3 Nc6 3. Bb5 e6 4. Bxc6 bxc6 5. d3 Ne7 6. Qe2 Qc7 7. Nh4 h6
8. g3 g5 9. Ng2 e5 10. h4 gxh4 11. Nxh4 d6 12. Na3 Be6 13. Bd2 O-O-O 14.
Nc4 Qb7 15. O-O-O Bg7 1/2-1/2

[Event "6th EICC"]
[Site "Warsaw POL"]
[Date "2005.06.22"]
[Round "5"]
[White "Minasian,Art"]
[Black "Ivanchuk,V"]
[Result "0-1"]
[WhiteElo "2597"]
[BlackElo "2739"]
[EventDate "2005.06.18"]

1. e4 c5 2. Nf3 d6 3. c3 Nf6 4. Be2 g6 5. O-O Bg7 6. Bb5+ Nc6 7. d4 Bd7 8.
Re1 O-O 9. h3 Nxd4 10. Nxd4 cxd4 11. Bxd7 Nxd7 12. cxd4 Qb6 13. Be3 Qxb2
14. Nd2 Bxd4 15. Rb1 Qc3 16. Bxd4 Qxd4 17. Rxb7 Nc5 18. Rxe7 Qf6 19. Rc7
Qd8 20. Rxc5 dxc5 21. Qc2 Qe7 22. Nc4 Rad8 23. Re3 Qd7 24. Kh2 Qd1 25. Qc3
Qd4 26. Qc2 Rfe8 27. e5 Re6 28. Rf3 h5 29. Qc1 Qe4 0-1

[Event "6th EICC"]
[Site "Warsaw POL"]
[Date "2005.06.22"]
[Round "5"]
[White "Moranda,W"]
[Black "Stoma,P"]
[Result "1/2-1/2"]
[WhiteElo "2452"]
[BlackElo "2295"]
[EventDate "2005.06.18"]

1. e4 c5 2. Nf3 e6 3. d4 cxd4 4. Nxd4 a6 5. Bd3 Qc7 6. O-O Nf6 7. Qe2 Nc6
8. Nxc6 dxc6 9. e5 Nd7 10. Bf4 Nc5 11. Nd2 b5 12. c4 b4 13. Rad1 a5 14. Ne4
Nxe4 15. Bxe4 Bb7 16. Rd3 Rd8 17. Rfd1 Rxd3 18. Qxd3 h6 19. Be3 Be7 20. f4
c5 21. Bxb7 Qxb7 22. f5 exf5 23. Qxf5 Qc6 24. Qf3 Qc8 25. Qg3 g5 26. e6 O-O
27. exf7+ Rxf7 28. Qe5 Qg4 29. Rc1 Bf8 30. Bxc5 Qf4 31. Re1 Qxc4 32. Bxf8
Rxf8 33. Qe6+ 1/2-1/2

[Event "6th EICC"]
[Site "Warsaw POL"]
[Date "2005.06.22"]
[Round "5"]
[White "Siebrecht,S"]
[Black "Alekseev,Evgeny"]
[Result "1/2-1/2"]
[WhiteElo "2438"]
[BlackElo "2597"]
[EventDate "2005.06.18"]

1. Nf3 c5 2. c4 Nc6 3. Nc3 e5 4. g3 g6 5. Bg2 Bg7 6. a3 d6 7. b4 e4 8. Ng1
f5 9. Rb1 Nf6 10. d3 O-O 11. dxe4 fxe4 12. Bg5 e3 13. Bxe3 Ng4 14. Nd5 Nxe3
15. fxe3 Bf5 16. e4 Be6 17. Nf3 Ne5 18. O-O cxb4 19. Nxe5 Rxf1+ 20. Qxf1
Bxe5 21. axb4 Kg7 22. Bh3 Bg8 23. Qf3 h5 24. Kg2 Rb8 25. Qe3 b6 26. b5 Bxd5
27. exd5 Qe7 28. Rf1 Rf8 1/2-1/2

[Event "6th EICC"]
[Site "Warsaw POL"]
[Date "2005.06.22"]
[Round "5"]
[White "Stefansson,H"]
[Black "Rublevsky,S"]
[Result "0-1"]
[WhiteElo "2573"]
[BlackElo "2645"]
[EventDate "2005.06.18"]

1. e4 c5 2. Nf3 e6 3. d4 cxd4 4. Nxd4 Nc6 5. Nc3 d6 6. Be3 Nf6 7. Qe2 e5 8.
Nb3 Be7 9. f3 O-O 10. O-O-O a5 11. a3 Be6 12. Nc5 Qc8 13. Nxe6 fxe6 14. g3
Nd8 15. f4 Qc6 16. Qf3 Rc8 17. Rd2 b5 18. Bxb5 Qb7 19. a4 Rxc3 20. bxc3
Nxe4 21. Bd3 Nxd2 22. Qxb7 Nxb7 23. Kxd2 exf4 24. gxf4 Nc5 25. Rb1 Nxa4 26.
Ra1 Nxc3 27. Rxa5 Nd5 28. f5 Bf6 29. Rb5 Nxe3 30. Kxe3 exf5 31. Bxf5 g6 32.
Be6+ Kg7 33. Rb7+ Kh6 34. Rd7 Re8 35. Rxd6 Be5 36. Bf7 Rf8 37. Rd7 Bxh2 38.
Bd5 Bg1+ 39. Kd3 Rf1 40. c4 g5 41. Rf7 Re1 42. Rc7 Re3+ 43. Kd2 Re8 44. Bc6
Re5 45. Bd5 g4 46. Bg8 g3 47. Kd3 g2 48. Rxh7+ Kg6 49. Rh4 Bf2 0-1

[Event "6th EICC"]
[Site "Warsaw POL"]
[Date "2005.06.22"]
[Round "5"]
[White "Guseinov,G"]
[Black "Motylev,A"]
[Result "1/2-1/2"]
[WhiteElo "2573"]
[BlackElo "2680"]
[EventDate "2005.06.18"]

1. e4 e5 2. Nf3 Nc6 3. Bb5 a6 4. Bxc6 dxc6 5. O-O Bd6 6. d4 exd4 7. Qxd4 f6
8. Be3 Ne7 9. Nbd2 Be6 10. Rfd1 Ng6 11. Nc4 Bxc4 12. Qxc4 Qe7 13. b4 O-O-O
14. a4 Bxb4 15. Nd4 Qxe4 16. Qxb4 Nh4 17. Kf1 Qxg2+ 18. Ke1 Qg4 19. Rab1 b6
20. Qc4 Nf3+ 21. Kf1 Nxh2+ 22. Ke1 Nf3+ 23. Kf1 Nh2+ 24. Ke1 Nf3+ 25. Kf1
Nh2+ 1/2-1/2

[Event "6th EICC"]
[Site "Warsaw POL"]
[Date "2005.06.22"]
[Round "5"]
[White "Naiditsch,A"]
[Black "Nisipeanu,LD"]
[Result "0-1"]
[WhiteElo "2626"]
[BlackElo "2670"]
[EventDate "2005.06.18"]

1. e4 c5 2. Nf3 e6 3. d4 cxd4 4. Nxd4 Nc6 5. Nc3 Qc7 6. Be3 a6 7. Qd2 Nf6
8. O-O-O Bb4 9. f3 Ne7 10. Nde2 b5 11. g4 h6 12. h4 Ba5 13. a3 b4 14. axb4
Bxb4 15. Bh3 Qa5 16. Kb1 d6 17. Nc1 Rb8 18. N1a2 Ba3 19. b3 Nd7 20. g5 h5
21. f4 Qc7 22. Bd4 O-O 23. g6 Nc5 24. gxf7+ Rxf7 25. Rh2 Nc6 26. Bxc5 dxc5
27. Qd6 Nd4 28. Qxc7 Rxc7 29. Ne2 Nxe2 30. Rxe2 c4 31. Rd8+ Kf7 32. Re3
cxb3 33. cxb3 a5 34. f5 Rb6 35. Rc3 Rxc3 36. Nxc3 Rc6 37. Nb5 Rc1+ 38. Ka2
Be7 39. Rh8 exf5 40. exf5 Bd7 41. Rb8 Bf6 0-1

[Event "6th EICC"]
[Site "Warsaw POL"]
[Date "2005.06.22"]
[Round "5"]
[White "Del Rio Angelis,S"]
[Black "Zawadzka,J"]
[Result "1-0"]
[WhiteElo "2495"]
[BlackElo "2383"]
[EventDate "2005.06.18"]

1. d4 Nf6 2. c4 g6 3. Nc3 Bg7 4. e4 d6 5. f3 O-O 6. Be3 a6 7. Bd3 Nbd7 8.
Nge2 c5 9. O-O b6 10. Rc1 e6 11. b3 cxd4 12. Nxd4 Bb7 13. Bg5 h6 14. Bh4
Rc8 15. Kh1 g5 16. Bf2 Ne5 17. Bb1 Qc7 18. Qd2 Ne8 19. Na4 Ba8 20. Be3 Qb7
21. Nc3 Ng6 22. a4 Kh8 23. Nde2 Rg8 24. f4 gxf4 25. Nxf4 Ne5 26. Nh5 Ng4
27. Nxg7 Rxg7 28. Bd4 e5 29. Bg1 Qe7 30. h3 Qh4 31. Qe1 Qh5 32. Rf5 Rg5 33.
Rxg5 hxg5 34. Bxb6 f5 35. Kg1 Ngf6 36. exf5 g4 37. Qg3 Ng7 38. hxg4 Nxg4
39. Qh3 Nf6 40. Qxh5+ Ngxh5 41. Rd1 Rg8 42. Nd5 Bxd5 43. cxd5 Nf4 44. Rd2
N6xd5 45. Ba5 Rg3 46. Be4 Nf6 47. Bf3 e4 48. Kf2 exf3 49. Kxg3 fxg2 50.
Rxg2 Nxg2 51. Kxg2 Ne4 52. Kf3 Nc5 53. Bc3+ Kg8 54. b4 Nd7 55. Ke4 Kf7 56.
Kd5 Ke7 57. f6+ 1-0

[Event "6th EICC"]
[Site "Warsaw POL"]
[Date "2005.06.22"]
[Round "5"]
[White "Timofeev,Arty"]
[Black "Sulskis,S"]
[Result "1-0"]
[WhiteElo "2622"]
[BlackElo "2545"]
[EventDate "2005.06.18"]

1. e4 e5 2. Nf3 d6 3. d4 Qe7 4. Nc3 c6 5. Bc4 h6 6. a4 a5 7. O-O g5 8. Be3
Nd7 9. Ne2 g4 10. Nd2 h5 11. f4 Bh6 12. Ra3 Ngf6 13. Qe1 Nf8 14. fxe5 dxe5
15. dxe5 Bxe3+ 16. Rxe3 Qxe5 17. Bxf7+ Kxf7 18. Nc4 Qc5 19. Qc3 Kg8 20.
Qxf6 Rh7 21. Nd4 Qe7 22. e5 Be6 23. Nd6 Rd8 24. Nxe6 Nxe6 25. Qg6+ 1-0

[Event "6th EICC"]
[Site "Warsaw POL"]
[Date "2005.06.22"]
[Round "5"]
[White "Parligras,M"]
[Black "Aleksandrov,A"]
[Result "1-0"]
[WhiteElo "2560"]
[BlackElo "2635"]
[EventDate "2005.06.18"]

1. e4 e5 2. Nf3 Nc6 3. Bb5 Nf6 4. O-O Nxe4 5. d4 Nd6 6. Bxc6 dxc6 7. dxe5
Nf5 8. Qxd8+ Kxd8 9. Nc3 Ne7 10. h3 Bf5 11. g4 Bxc2 12. Nd4 Bg6 13. f4 c5
14. Nf3 f5 15. Nh4 fxg4 16. Rd1+ Kc8 17. hxg4 Nc6 18. f5 Be8 19. Nf3 Nd4
20. Nxd4 cxd4 21. Ne4 c5 22. b4 Bc6 23. Nxc5 b6 24. Ne6 Bxb4 25. Bb2 Re8
26. Bxd4 Rxe6 27. fxe6 Kb7 28. Rf1 Rd8 29. Rf7+ Ka6 30. a3 Bd2 31. Bf2 Bg5
32. Rxg7 h6 33. Re1 Rd3 34. Rc7 Ba4 35. e7 Rxa3 36. Re4 Bb5 37. Rb4 Be8 38.
Rd4 Bg6 39. Rc6 Bf7 40. Re6 Ra1+ 41. Kg2 Ra2 42. e8=Q Bxe8 43. Rxe8 Be3 44.
Ra4+ 1-0

[Event "6th EICC"]
[Site "Warsaw POL"]
[Date "2005.06.22"]
[Round "5"]
[White "Van Wely,L"]
[Black "Khismatullin,D"]
[Result "1-0"]
[WhiteElo "2687"]
[BlackElo "2572"]
[EventDate "2005.06.18"]

1. d4 Nf6 2. c4 g6 3. Nc3 Bg7 4. e4 d6 5. Nf3 O-O 6. Be2 e5 7. O-O Qe8 8.
dxe5 dxe5 9. Be3 b6 10. b4 Bb7 11. Qc2 Nbd7 12. Nd2 Qe7 13. Nd5 Qd8 14. a4
c6 15. Nc3 Qe7 16. Rfb1 Rfb8 17. a5 h5 18. Nb3 Ng4 19. Bxg4 hxg4 20. c5
bxc5 21. Nxc5 Bc8 22. Qa4 Nxc5 23. Bxc5 Qf6 24. Rd1 Bf8 25. Bxf8 Kxf8 26.
b5 Kg7 27. bxc6 Rb2 28. Rf1 Ba6 29. Qa3 Rc2 30. Rac1 Rxc1 31. Rxc1 Qxc6 32.
Nd5 Qb7 33. h3 gxh3 34. Qd6 h2+ 35. Kxh2 Rh8+ 36. Kg3 Rh5 37. Qf6+ Kh7 38.
Rc7 1-0

[Event "6th EICC"]
[Site "Warsaw POL"]
[Date "2005.06.22"]
[Round "5"]
[White "Kritz,L"]
[Black "Macieja,B"]
[Result "1/2-1/2"]
[WhiteElo "2549"]
[BlackElo "2613"]
[EventDate "2005.06.18"]

1. e4 e5 2. Nf3 Nf6 3. Nxe5 d6 4. Nf3 Nxe4 5. d4 d5 6. Bd3 Nc6 7. O-O Be7
8. c4 Nb4 9. Re1 Nxd3 10. Qxd3 c6 11. cxd5 cxd5 12. Qb5+ Qd7 13. Qb3 O-O
14. Nc3 Nxc3 15. bxc3 Bf6 16. Ba3 Rd8 17. Re3 Qc6 18. Be7 Re8 19. Rae1 Rxe7
20. Rxe7 Bxe7 21. Rxe7 f6 22. Ne1 b6 23. c4 Be6 24. Qg3 Bf7 25. cxd5 Qxd5
26. Rxa7 Re8 27. Nf3 Qxd4 1/2-1/2

[Event "6th EICC"]
[Site "Warsaw POL"]
[Date "2005.06.22"]
[Round "5"]
[White "Bologan,V"]
[Black "Kotronias,V"]
[Result "1/2-1/2"]
[WhiteElo "2700"]
[BlackElo "2578"]
[EventDate "2005.06.18"]

1. e4 c5 2. Nf3 Nc6 3. d4 cxd4 4. Nxd4 Nf6 5. Nc3 d6 6. Bg5 e6 7. Qd2 a6 8.
O-O-O Bd7 9. f4 b5 10. Bxf6 gxf6 11. Kb1 Qb6 12. Nxc6 Bxc6 13. f5 b4 14.
Ne2 e5 15. Ng3 h5 16. h4 Bh6 17. Qxd6 Rd8 18. Qxd8+ Qxd8 19. Rxd8+ Kxd8 20.
Nxh5 Ke7 21. Bd3 Be3 22. Rh3 Rxh5 23. Rxe3 Rxh4 24. a3 a5 25. axb4 axb4 26.
Ka2 Kd6 27. Kb3 Kc5 28. Rh3 Rg4 29. Rh6 Rg3 30. Ka2 b3+ 31. Kxb3 Bxe4 32.
Rh3 Bd5+ 33. Ka3 Rg8 34. b4+ Kd4 35. Ba6 e4 36. c3+ Ke5 37. b5 Kf4 38. Kb4
e3 39. b6 Bxg2 40. Rh2 Bf3 41. Kc5 Re8 42. Rb2 Kxf5 43. b7 Bxb7 44. Rxb7 e2
45. Bd3+ Kg4 46. Bxe2+ Rxe2 47. Rxf7 f5 48. c4 f4 1/2-1/2

[Event "6th EICC"]
[Site "Warsaw POL"]
[Date "2005.06.22"]
[Round "5"]
[White "Malakhov,V"]
[Black "Chuchelov,V"]
[Result "1-0"]
[WhiteElo "2670"]
[BlackElo "2571"]
[EventDate "2005.06.18"]

1. Nf3 Nf6 2. c4 b6 3. g3 c5 4. Bg2 Bb7 5. Nc3 g6 6. O-O Bg7 7. Re1 Ne4 8.
Nxe4 Bxe4 9. d4 O-O 10. d5 b5 11. cxb5 a6 12. bxa6 Rxa6 13. Nd2 Bxg2 14.
Kxg2 d6 15. a3 Nd7 16. Rb1 Qa8 17. e4 f5 18. f3 fxe4 19. fxe4 Ne5 20. Qe2
Rb6 21. Nc4 Rb3 22. Nxe5 Bxe5 23. Bh6 Rf7 24. Rf1 Rxf1 25. Qxf1 Rxb2+ 26.
Rxb2 Bxb2 27. Qb5 Bf6 28. a4 g5 29. a5 Kf7 30. h4 gxh4 31. a6 Qg8 32. Bf4
Qg4 33. Qf1 Qd7 34. Qe2 Qa4 35. Qh5+ Kg8 36. Qg4+ Kf7 37. Bh6 hxg3 38. Kxg3
Qa3+ 39. Qf3 Qa4 40. Qh5+ Kg8 41. Qg4+ Kf7 42. a7 Qa3+ 43. Qf3 Qa4 44. e5
dxe5 45. Qh5+ Kg8 46. Qg4+ 1-0

[Event "6th EICC"]
[Site "Warsaw POL"]
[Date "2005.06.22"]
[Round "5"]
[White "Filippov,Va"]
[Black "Bobras,P"]
[Result "1/2-1/2"]
[WhiteElo "2621"]
[BlackElo "2501"]
[EventDate "2005.06.18"]

1. c4 Nf6 2. Nc3 e5 3. g3 Bb4 4. Bg2 O-O 5. e4 Bxc3 6. bxc3 c6 7. Ne2 d5 8.
cxd5 cxd5 9. exd5 Nxd5 10. O-O Nc6 11. Bb2 Be6 12. d4 Nb6 13. dxe5 Nc4 14.
Bc1 N4xe5 15. Nd4 Bd5 16. Nxc6 Bxc6 17. Be3 Qf6 18. Bd4 Nf3+ 19. Bxf3 Qxf3
20. Qxf3 Bxf3 21. Rfe1 a6 22. Re3 Bc6 23. f4 1/2-1/2

[Event "6th EICC"]
[Site "Warsaw POL"]
[Date "2005.06.22"]
[Round "5"]
[White "Iordachescu,V"]
[Black "Iljushin,A"]
[Result "0-1"]
[WhiteElo "2609"]
[BlackElo "2543"]
[EventDate "2005.06.18"]

1. e4 e6 2. d4 d5 3. Nd2 a6 4. Ngf3 c5 5. exd5 exd5 6. dxc5 Bxc5 7. Nb3 Bb6
8. Qe2+ Ne7 9. Be3 Nbc6 10. O-O-O O-O 11. h3 Bf5 12. Bxb6 Qxb6 13. Nfd4 Be4
14. f3 Bg6 15. h4 Rac8 16. Rd2 Nxd4 17. Nxd4 Nc6 18. Nxc6 Rxc6 19. Qf2 Re8
20. c4 Qc7 21. Bd3 Rxc4+ 22. Kb1 Rc8 23. Qe1 Qb6 24. Bxg6 Qxg6+ 25. Ka1 h5
26. a3 b5 27. Qd1 b4 28. axb4 Rxb4 29. Rd4 Rb5 30. Rxd5 Qxg2 31. Rxb5 axb5
32. Rg1 Qf2 33. Rg5 Qxh4 34. Rxb5 Qf4 35. Kb1 h4 36. Rd5 h3 37. Rd4 Qf5+
38. Qd3 Qxd3+ 39. Rxd3 g5 40. Rd1 Kg7 41. Rh1 Rh8 42. Kc2 f5 43. Kd3 g4 44.
fxg4 fxg4 45. Ke3 g3 46. Kf3 g2 0-1

[Event "6th EICC"]
[Site "Warsaw POL"]
[Date "2005.06.22"]
[Round "5"]
[White "Pelletier,Y"]
[Black "Urban,K"]
[Result "1-0"]
[WhiteElo "2610"]
[BlackElo "2497"]
[EventDate "2005.06.18"]

1. d4 Nf6 2. c4 d6 3. Nf3 Nbd7 4. Nc3 c6 5. e4 e5 6. Be2 Be7 7. O-O a6 8.
Qc2 O-O 9. Rd1 Qc7 10. Rb1 Re8 11. b4 h6 12. h3 Bf8 13. Be3 exd4 14. Nxd4
Ne5 15. Rbc1 Bd7 16. c5 dxc5 17. bxc5 Bxc5 18. f4 Ng6 19. e5 Nxe5 20. fxe5
Qxe5 21. Bf2 Rad8 22. Bf1 Bb4 23. Nf3 Qa5 24. Bd4 Bc5 25. Qa4 Bxd4+ 26.
Rxd4 Qb6 27. Qb3 Qa7 28. Kh1 b5 29. Rcd1 Rc8 30. Rd6 Be6 31. Qb4 a5 32. Qd4
Qb8 33. a3 b4 34. axb4 axb4 35. Ne2 Bd5 36. Rxf6 Re4 37. Qf2 gxf6 38. Ng3
Rf4 39. Nh5 Rf5 40. Qh4 Bxf3 41. gxf3 Rd8 42. Re1 Qd6 43. f4 Rxh5 44. Qxh5
Qxf4 45. Bg2 Qg5 46. Qf3 c5 47. Rg1 Kh8 48. Qb7 Rg8 49. Qxf7 Qg7 50. Qa2
Qg3 51. Qc2 Qe3 52. Rf1 b3 53. Qb2 c4 1-0

[Event "6th EICC"]
[Site "Warsaw POL"]
[Date "2005.06.22"]
[Round "5"]
[White "Sakaev,K"]
[Black "Winants,L"]
[Result "1-0"]
[WhiteElo "2672"]
[BlackElo "2535"]
[EventDate "2005.06.18"]

1. d4 Nf6 2. c4 e6 3. Nf3 Bb4+ 4. Nbd2 a5 5. a3 Bxd2+ 6. Bxd2 a4 7. Qc2 d6
8. e4 e5 9. dxe5 dxe5 10. Bc3 Nc6 11. Nxe5 Nxe5 12. Bxe5 O-O 13. f3 Nd7 14.
O-O-O Nxe5 15. Rxd8 Rxd8 16. Qc3 Nc6 17. Bd3 Nd4 18. Kd2 c5 19. Ke3 Bd7 20.
Kf2 Bc6 21. Re1 Ne6 22. h4 Rd7 23. Kg3 h6 24. f4 Rad8 25. Re3 Nd4 26. Kh2
Re8 27. e5 h5 28. f5 Rde7 29. Qe1 Bd7 30. e6 fxe6 31. fxe6 Rxe6 32. Rxe6
Rxe6 33. Qa5 b6 34. Qa8+ Kf7 35. Qd5 Bc6 36. Qxh5+ Ke7 37. Qg5+ Kf7 38.
Qf4+ Ke7 39. Qg3 Kf8 40. Qb8+ Be8 41. Qd8 g6 42. Qc7 Kg8 43. Qg3 Kf7 44.
Qf4+ Kg7 45. Be4 1-0

[Event "6th EICC"]
[Site "Warsaw POL"]
[Date "2005.06.22"]
[Round "5"]
[White "Cao Sang"]
[Black "Cheparinov,I"]
[Result "1/2-1/2"]
[WhiteElo "2488"]
[BlackElo "2621"]
[EventDate "2005.06.18"]

1. d4 Nf6 2. Bg5 c5 3. d5 Ne4 4. Bc1 e6 5. Nf3 exd5 6. Qxd5 Nf6 7. Qd1 d5
8. g3 Nc6 9. Bg2 Be7 10. O-O O-O 11. c3 h6 12. Na3 Be6 13. Bf4 Qb6 14. Qc1
Rfd8 15. Ne5 Nh5 16. Nxc6 Qxc6 17. Bd2 Qa6 18. Re1 Nf6 19. Bf4 Rac8 20. Bf1
d4 21. c4 Bf5 22. Nb5 Qb6 23. e4 Bxe4 24. f3 a6 25. Na3 Bxf3 26. Rxe7 Re8
27. Rxe8+ Rxe8 28. Nc2 g5 29. Bxg5 hxg5 30. Qxg5+ Kf8 31. Qh6+ Kg8 32. Qg5+
Kf8 33. Qh6+ Kg8 1/2-1/2

[Event "6th EICC"]
[Site "Warsaw POL"]
[Date "2005.06.22"]
[Round "5"]
[White "Kuzubov,Y"]
[Black "Efimenko,Z"]
[Result "1/2-1/2"]
[WhiteElo "2558"]
[BlackElo "2620"]
[EventDate "2005.06.18"]

1. d4 d5 2. c4 dxc4 3. Nf3 Nf6 4. e3 e6 5. Bxc4 c5 6. dxc5 Qxd1+ 7. Kxd1
Bxc5 8. a3 a6 9. Ke2 Nbd7 10. Nbd2 O-O 11. b4 Be7 12. Bb2 b5 13. Bd3 Bb7
14. Rhc1 Rfc8 15. Rxc8+ Rxc8 16. Rc1 1/2-1/2

[Event "6th EICC"]
[Site "Warsaw POL"]
[Date "2005.06.22"]
[Round "5"]
[White "Ftacnik,L"]
[Black "Tregubov,P"]
[Result "1/2-1/2"]
[WhiteElo "2540"]
[BlackElo "2612"]
[EventDate "2005.06.18"]

1. d4 d5 2. c4 e6 3. Nf3 c6 4. Bg5 Be7 5. Bxe7 Qxe7 6. Nbd2 Nf6 7. g3 O-O
8. Bg2 b6 9. O-O Bb7 10. Re1 c5 11. cxd5 exd5 12. Rc1 Nbd7 13. Qa4 Ne4 14.
dxc5 bxc5 15. Nxe4 dxe4 16. Qb3 Rab8 17. Qe3 Qe6 18. Nd2 Qxa2 19. b3 Nf6
20. Ra1 Qb2 21. Nc4 Qd4 22. Rxa7 Bd5 23. Ra5 Bxc4 24. Qxd4 cxd4 25. bxc4
Rfd8 26. Re5 Rb4 1/2-1/2

[Event "6th EICC"]
[Site "Warsaw POL"]
[Date "2005.06.22"]
[Round "5"]
[White "Azarov,S"]
[Black "Moiseenko,A"]
[Result "0-1"]
[WhiteElo "2572"]
[BlackElo "2665"]
[EventDate "2005.06.18"]

1. e4 c5 2. Nf3 Nc6 3. d4 cxd4 4. Nxd4 Nf6 5. Nc3 e5 6. Ndb5 d6 7. Bg5 a6
8. Na3 b5 9. Nd5 Be7 10. Bxf6 Bxf6 11. c3 Bg5 12. Nc2 Rb8 13. a3 O-O 14.
Nce3 Ne7 15. Bd3 Be6 16. Bc2 Kh8 17. O-O Nxd5 18. Nxd5 g6 19. Qd3 f5 20.
Rad1 a5 21. b4 f4 22. f3 Bh4 23. Bb3 g5 24. c4 g4 25. c5 Bg3 26. fxg4 Qh4
27. h3 Bxg4 28. Rf3 Rg8 29. Qf1 Bxf3 30. Qxf3 dxc5 31. bxc5 Rg6 32. Kf1 Bh2
33. Rd3 Rc8 34. Rc3 Rg3 35. Qf2 Qh5 36. Nxf4 Qh6 37. Ne2 Rxc3 38. Nxc3 Rf8
0-1

[Event "6th EICC"]
[Site "Warsaw POL"]
[Date "2005.06.22"]
[Round "5"]
[White "Fedorchuk,S"]
[Black "Grabarczyk,M"]
[Result "1-0"]
[WhiteElo "2577"]
[BlackElo "2487"]
[EventDate "2005.06.18"]

1. e4 e5 2. Nf3 Nc6 3. Bb5 Nf6 4. d3 d6 5. c3 g6 6. O-O Bg7 7. Nbd2 O-O 8.
Re1 a6 9. Ba4 b5 10. Bc2 Nb8 11. a4 Bb7 12. b4 Nbd7 13. Nb3 c5 14. Na5 Qc7
15. Nxb7 Qxb7 16. Rb1 Qc6 17. d4 c4 18. Ra1 Qb7 19. h3 Rfe8 20. d5 Rf8 21.
Bg5 Kh8 22. Ra3 Ng8 23. Qd2 f6 24. Be3 f5 25. exf5 gxf5 26. g3 Ne7 27. Ng5
Nxd5 28. Ne6 Nxe3 29. Qxe3 Rf6 30. Nxg7 Kxg7 31. axb5 axb5 32. Qg5+ Kf7 33.
Qh5+ Ke6 34. g4 fxg4 35. hxg4 h6 36. Be4 Qxe4 37. Rxe4 Rxa3 38. Qe8+ Kd5
39. Re1 Ra7 40. f4 Rxf4 41. Rd1+ Ke4 42. Qg6+ Kf3 43. Rf1+ Kg3 44. g5 h5
45. Qc2 Kg4 46. g6 Nf6 47. Qg2+ Kf5 48. Rxf4+ exf4 49. g7 f3 50. Qxf3+ Kg6
51. g8=Q Nxg8 52. Qe4+ 1-0